| 000 | 00426nam a22001457a 4500 | ||
|---|---|---|---|
| 005 | 20250208135750.0 | ||
| 008 | 250208b |||||||| |||| 00| 0 eng d | ||
| 020 | _a 0864710194 | ||
| 050 | _aRC685 DIS | ||
| 245 |
_aDisorders of Cardiac Rhythm: Focus on Disopyramide/ _cguest editor, A. M. Katz |
||
| 260 |
_aAuckland _bADIS Press Limited _c1986 |
||
| 300 |
_av. 181p. _bill. _c25cm |
||
| 700 | _aKatz, A. M. | ||
| 942 |
_2lcc _cBK _n0 |
||
| 999 |
_c3679 _d3679 |
||